Royal charter and bye-laws 1973 (amended 1975, 1977, 1978, 1980, 1981, 1985, 1986, 1988, 1990, 1993, 1995, 1998 and 1999) (Record no. 100253)

MARC details
000 -LEADER
fixed length control field 01026cam a2200289 4500
008 - FIXED-LENGTH DATA ELEMENTS--GENERAL INFORMATION
fixed length control field 000000n1999 000 0 eng u
020 ## - INTERNATIONAL STANDARD BOOK NUMBER
International Standard Book Number 0854069941
035 ## - SYSTEM CONTROL NUMBER
System control number (Sirsi) u104437
041 ## - LANGUAGE CODE
Language code of text/sound track or separate title eng
050 ## - LIBRARY OF CONGRESS CALL NUMBER
Classification number 333.0062
110 ## - MAIN ENTRY--CORPORATE NAME
Corporate name or jurisdiction name as entry element Royal Institution of Chartered Surveyors
9 (RLIN) 4900
245 ## - TITLE STATEMENT
Title Royal charter and bye-laws 1973 (amended 1975, 1977, 1978, 1980, 1981, 1985, 1986, 1988, 1990, 1993, 1995, 1998 and 1999)
250 ## - EDITION STATEMENT
Edition statement (Rev. ed.)
260 ## - PUBLICATION, DISTRIBUTION, ETC.
Place of publication, distribution, etc. London
Name of publisher, distributor, etc. RICS
Date of publication, distribution, etc. 1999
300 ## - PHYSICAL DESCRIPTION
Extent 1v. (loose-leaf) ; 30cm.
350 ## - PRICE (NR) (BK AM CF MU VM SE) [OBSOLETE]
Price £8.00
520 ## - SUMMARY, ETC.
Summary, etc. SUPERSEDED BY 2001 UPDATE ISBN 1842190474 2001/28. Incorporates all amendments up to and including those allowed by the Privy Council on 12 October 1999
650 ## - SUBJECT ADDED ENTRY--TOPICAL TERM
Topical term or geographic name entry element ABOUT RICS-RICS MEMBERS
650 ## - SUBJECT ADDED ENTRY--TOPICAL TERM
Topical term or geographic name entry element MEMBERSHIP
650 ## - SUBJECT ADDED ENTRY--TOPICAL TERM
Topical term or geographic name entry element PROFESSIONAL PRACTICE
650 ## - SUBJECT ADDED ENTRY--TOPICAL TERM
Topical term or geographic name entry element RICS BYE-LAWS
650 ## - SUBJECT ADDED ENTRY--TOPICAL TERM
Topical term or geographic name entry element RICS ROYAL CHARTER
650 ## - SUBJECT ADDED ENTRY--TOPICAL TERM
Topical term or geographic name entry element RICS
650 ## - SUBJECT ADDED ENTRY--TOPICAL TERM
Topical term or geographic name entry element RICS RULES OF CONDUCT
690 ## - LOCAL SUBJECT ADDED ENTRY--TOPICAL TERM (OCLC, RLIN)
Topical term or geographic name as entry element MANAGEMENT-BUSINESS MANAGEMENT-PROFESSIONAL PRACTICE
942 ## - ADDED ENTRY ELEMENTS (KOHA)
Suppress in OPAC 0
Holdings
Withdrawn status Lost status Source of classification or shelving scheme Damaged status Not for loan Home library Current library Shelving location Date acquired Total Checkouts Full call number Barcode Date last seen Copy number Price effective from Koha item type
    Dewey Decimal Classification     London London RICS Boxes 19/12/2000   RICS 1999/66 30063060 06/08/2019 1 06/08/2019 Reference material
    Dewey Decimal Classification     London London RICS Boxes 19/12/2000   RICS 1999/66 30063056 06/08/2019 2 06/08/2019 Archive
    Dewey Decimal Classification     London London RICS Boxes 18/06/2001   RICS 1999/66 30064567 06/08/2019 4 06/08/2019 Book